| 000 | 00846cam a2200253 a 4500 | ||
|---|---|---|---|
| 005 | 20140429111555.0 | ||
| 008 | 111101r20112008enka 000 0 eng | ||
| 010 | _a 2011456607 | ||
| 020 |
_a9780470657935 (pbk.) _c3462 |
||
| 040 |
_aDLC _cDLC |
||
| 082 | 0 | 0 |
_a420.9 _bMOM |
| 245 | 0 | 2 |
_aA companion to the history of the English language / _cedited by Haruko Momma and Michael Matto. |
| 260 |
_aOxford ; _aMalden, Mass. : _bWiley-Blackwell, _c2011. |
||
| 300 |
_axxxiii, 690 p. : _bill., maps ; |
||
| 500 | _aOriginally published: 2008. | ||
| 504 | _aIncludes index | ||
| 650 | 0 |
_aEnglish language _xHistory. |
|
| 700 | 1 |
_aMomma, Haruko _4ed. |
|
| 700 | 1 |
_aMatto, Michael. _4ed. |
|
| 850 | _aLCLIB | ||
| 942 | _cBK | ||
| 906 |
_a7 _bcbc _corigres _d2 _encip _f20 _gy-gencatlg |
||
| 999 |
_c39157 _d89636 |
||